000 00641nam a2200241Ia 4500
003 OSt
005 20220918204111.0
006 a|||||r|||| 00| 0
007 ta
008 220917b |||||||| |||| 00| 0 eng d
024 _a111,004
037 _cTextual
040 _aARTS
_cARTS
_beng
041 _2eng
_aeng
082 _aV510t2:73.D, K9 (=)
100 _aHead Barclay V
_9110726
245 0 _aHandbook of Greek and Roman coins
260 _aNew York
_bAttic Books
_c1969
300 _a32p.
_ccm.
650 _aHISTORY
942 _hV510t2:73.D, K9 (=)
_cTEXL
_2CC
999 _c234353
_d234353